[Event "Charleroi op"]
[Site "Charleroi"]
[Date "2018.08.01"]
[Round "6"]
[White "Mueller, Martin2222"]
[Black "Kolp, Theo"]
[Result "1/2-1/2"]
[WhiteElo "2078"]
[BlackElo "1980"]
[PlyCount "132"]
[EventDate "2018.07.28"]
[EventType "swiss"]
[EventRounds "9"]
[EventCountry "BEL"]
[SourceTitle "CBM 185 Extra"]
[Source "ChessBase"]
[SourceDate "2018.07.29"]
[SourceVersion "1"]
[SourceVersionDate "2018.07.29"]
[SourceQuality "1"]

1. e4 c5 2. Nf3 e6 3. d4 cxd4 4. Nxd4 Nc6 5. Nc3 Qc7 6. Be3 a6 7. Qd2 Nf6 8. 0-0-0 b5 9. f3 Bb4 10. Nb3 d5 11. a3 Bxc3 12. Qxc3 dxe4 13. fxe4 0-0 14. Bd3 Bb7 15. Rhf1 Qe5 16. Qe1 Qc7 17. Rxf6 gxf6 18. Bh6 Qxh2 19. Qe3 Ne5 20. Bxf8 Rxf8 21. Nc5 Bc8 22. Kb1 Rd8 23. Rf1 Kg7 24. Qe1 Rd6 25. Rh1 Qf4 26. Rh4 Qg5 27. Qh1 h6 28. b4 Rd8 29. Rh3 Ng6 30. e5 f5 31. Qh2 Rd4 32. Rg3 Rg4 33. Rxg4 Qxg4 34. Qg1 Qf4 35. g3 Qxe5 36. g4 fxg4 37. Bxg6 fxg6 38. Qxg4 a5 39. Nd3 Qf6 40. Qg3 Qf1+ 41. Kb2 Qf7 42. bxa5 Bb7 43. c3 Bd5 44. Qe5+ Kh7 45. a6 Bc4 46. Nf4 b4 47. axb4 Bxa6 48. Nxe6 Bc8 49. Nf4 g5 50. Nd5 Be6 51. Nf6+ Kg6 52. Ne4 Qf5 53. Qd4 g4 54. Ng3 Qd5 55. Qe3 h5 56. Ne2 Qa2+ 57. Kc1 Bb3 58. Qe4+ Kf6 59. Qf4+ Ke7 60. Qg5+ Kd7 61. Qb5+ Ke7 62. Qc5+ Kd7 63. Qf5+ Ke7 64. Nd4 Qa1+ 65. Kd2 Qd1+ 66. Ke3 Qc1+ 1/2-1/2

[Event "EU-ch U14 25th"]
[Site "Porec"]
[Date "2015.09.21"]
[Round "1"]
[White "Lagarde, Dimitri"]
[Black "Kolp, Theo"]
[Result "1-0"]
[WhiteElo "2099"]
[BlackElo "1664"]
[PlyCount "89"]
[EventDate "2015.09.21"]
[EventType "swiss"]
[EventRounds "9"]
[EventCountry "CRO"]
[SourceTitle "EXT 2016"]
[Source "ChessBase"]
[SourceDate "2015.10.08"]
[SourceVersion "1"]
[SourceVersionDate "2015.10.08"]
[SourceQuality "1"]

1. d4 Nf6 2. c4 e6 3. Nc3 Bb4 4. e3 0-0 5. Nge2 Nc6 6. a3 Bxc3+ 7. Nxc3 d6 8. Bd3 e5 9. d5 Ne7 10. 0-0 Ng6 11. b4 Qe7 12. Qc2 c6 13. Bb2 Ne8 14. dxc6 bxc6 15. Be4 Bd7 16. Qa4 Rc8 17. Qxa7 f5 18. Bd3 Nf6 19. Qa4 e4 20. Be2 f4 21. exf4 Nxf4 22. Qc2 d5 23. cxd5 cxd5 24. Qd2 Qd6 25. Rad1 Ng4 26. Bxg4 Bxg4 27. Rb1 Nxg2 28. Qxd5+ Qxd5 29. Nxd5 Nh4 30. Ne7+ Kh8 31. Nxc8 Bh3 32. Nd6 Rf4 33. Nxe4 Rxe4 34. f3 Re2 35. Rbe1 Nxf3+ 36. Rxf3 Rxe1+ 37. Kf2 Rf1+ 38. Kg3 Rxf3+ 39. Kxf3 Bd7 40. Ke4 Kg8 41. Kd5 Kf7 42. Kc5 g5 43. b5 Ke7 44. b6 Bc8 45. Kc6 1-0

[Event "BEL-ch U14"]
[Site "Blankenberge"]
[Date "2015.04.15"]
[Round "5"]
[White "Kolp, Theo"]
[Black "Koetters, Raphael"]
[Result "1-0"]
[WhiteElo "1664"]
[BlackElo "1629"]
[PlyCount "89"]
[EventDate "2015.04.12"]
[EventType "swiss"]
[EventRounds "9"]
[EventCountry "BEL"]
[SourceTitle "CBM 166 Extra"]
[Source "ChessBase"]
[SourceDate "2015.06.18"]
[SourceVersion "1"]
[SourceVersionDate "2015.06.18"]
[SourceQuality "1"]

1. Nf3 Nf6 2. c4 e6 3. Nc3 d5 4. d4 dxc4 5. e3 Be7 6. Bxc4 c6 7. 0-0 0-0 8. Re1 Nbd7 9. e4 Nb6 10. Bb3 Re8 11. Bc2 c5 12. e5 Nfd5 13. Qd3 g6 14. a3 cxd4 15. Qxd4 Bd7 16. Ne4 Rc8 17. Bb3 Rc6 18. Bg5 Bxg5 19. Nfxg5 h6 20. Nf3 Kg7 21. Nd6 Rf8 22. Nxb7 Qc7 23. Nd6 Bc8 24. Rad1 Ba6 25. Nd2 Rd8 26. a4 Ne7 27. Qf4 Nbd5 28. Qxf7+ Kh8 29. Qxe6 Bc8 30. Qf7 Rc5 31. N2e4 Bg4 32. f3 Qb6 33. Nxc5 Qxc5+ 34. Kh1 Rg8 35. Bxd5 Nxd5 36. Qxd5 Qf2 37. fxg4 Rf8 38. Qd2 Qh4 39. Qd4 Rf2 40. e6+ Kh7 41. Qxa7+ Kg8 42. e7 Qxg4 43. e8Q+ Rf8 44. Qxf8+ Kxf8 45. Re8# 1-0